000 00343nam a2200133Ia 4500
001 13675
003 GE_BSU
008 181216s||||||||xx |||||||||||||| ||und||
040 _cGE_BSU
245 _aSQL Server. №9(165). Сентябрь.2014.
245 _bЖурнал для профессионалов.
653 _aSQL Server
942 _cCR
999 _c46824
_d46824